[Event "World Chess Olympiad 2018"]
[Site "Batumi"]
[Date "2018.09.30"]
[Round "6"]
[Board "4"]
[WhiteFideId "11101660"]
[White "Prescod Bryan"]
[BlackFideId "12805165"]
[Black "Jankunas Tomas"]
[Result "1-0"]
[LiveChessVersion "1.4.8"]
[BlackElo "2093"]
[WhiteElo "2039"]

1. d4 {[%clk 1:30:58]} Nf6 {[%clk 1:30:50]} 2. Nc3 {[%clk 1:31:21]} g6
{[%clk 1:29:54]} 3. e4 {[%clk 1:31:40]} d6 {[%clk 1:30:18]} 4. Be3
{[%clk 1:31:49]} Bg7 {[%clk 1:27:14]} 5. Qd2 {[%clk 1:31:56]} O-O
{[%clk 1:23:19]} 6. f3 {[%clk 1:27:28]} c6 {[%clk 1:16:14]} 7. g4
{[%clk 1:21:59]} e5 {[%clk 1:06:29]} 8. dxe5 {[%clk 1:15:37]} dxe5
{[%clk 1:06:31]} 9. Qxd8 {[%clk 1:15:34]} Rxd8 {[%clk 1:06:51]} 10. Bc4
{[%clk 1:15:51]} Be6 {[%clk 0:58:25]} 11. Bxe6 {[%clk 1:08:03]} fxe6
{[%clk 0:58:49]} 12. Nh3 {[%clk 1:07:16]} Na6 {[%clk 0:47:16]} 13. Nf2
{[%clk 0:44:44]} Ne8 {[%clk 0:36:48]} 14. Nd3 {[%clk 0:40:49]} Nd6
{[%clk 0:34:54]} 15. a4 {[%clk 0:18:49]} b6 {[%clk 0:24:10]} 16. Ke2
{[%clk 0:16:36]} c5 {[%clk 0:21:22]} 17. Nb5 {[%clk 0:10:27]} c4 {[%clk 0:15:22]}
18. Nf2 {[%clk 0:10:45]} Nxb5 {[%clk 0:15:29]} 19. axb5 {[%clk 0:11:08]} Nc7
{[%clk 0:15:55]} 20. Ra4 {[%clk 0:05:47]} Nxb5 {[%clk 0:12:19]} 21. c3
{[%clk 0:04:58]} Rac8 {[%clk 0:09:29]} 22. Rb4 {[%clk 0:04:23]} Nd6
{[%clk 0:08:45]} 23. Ra1 {[%clk 0:02:47]} Rd7 {[%clk 0:09:01]} 24. Rd1
{[%clk 0:02:39]} Rcc7 {[%clk 0:07:52]} 25. Ra4 {[%clk 0:02:36]} Kf7
{[%clk 0:06:36]} 26. g5 {[%clk 0:02:33]} Ke7 {[%clk 0:04:48]} 27. h4
{[%clk 0:02:00]} Rc6 {[%clk 0:04:16]} 28. h5 {[%clk 0:01:42]} gxh5
{[%clk 0:03:52]} 29. Rh1 {[%clk 0:01:51]} Kf7 {[%clk 0:03:43]} 30. Rxh5
{[%clk 0:02:06]} Kg8 {[%clk 0:03:53]} 31. Ra1 {[%clk 0:02:10]} Ne8
{[%clk 0:02:39]} 32. Rg1 {[%clk 0:01:50]} Bf8 {[%clk 0:02:01]} 33. Ng4
{[%clk 0:01:28]} Rg7 {[%clk 0:02:03]} 34. Nxe5 {[%clk 0:01:25]} Rcc7
{[%clk 0:01:51]} 35. Rgh1 {[%clk 0:00:57]} Bc5 {[%clk 0:01:29]} 36. Bf4
{[%clk 0:01:02]} Bd6 {[%clk 0:01:40]} 37. Rd1 {[%clk 0:00:41]} Rc5
{[%clk 0:01:36]} 38. g6 {[%clk 0:00:44]} hxg6 {[%clk 0:01:55]} 39. Rg5
{[%clk 0:01:01]} Bxe5 {[%clk 0:01:02]} 40. Bxe5 {[%clk 0:31:16]} Rb5
{[%clk 0:30:45]} 41. Ke3 {[%clk 0:23:09]} Rh7 {[%clk 0:25:34]} 42. Rd8
{[%clk 0:22:44]} Rh5 {[%clk 0:25:49]} 43. Rxh5 {[%clk 0:14:52]} gxh5
{[%clk 0:25:42]} 44. f4 {[%clk 0:14:55]} Kf8 {[%clk 0:21:35]} 45. Rd2
{[%clk 0:14:09]} Ke7 {[%clk 0:20:58]} 46. Kd4 {[%clk 0:14:13]} Nf6
{[%clk 0:19:02]} 47. Kxc4 {[%clk 0:12:53]} Nxe4 {[%clk 0:15:20]} 48. Rd4
{[%clk 0:11:20]} Rc5+ {[%clk 0:13:34]} 49. Kb4 {[%clk 0:10:39]} a5+
{[%clk 0:13:20]} 50. Kb3 {[%clk 0:08:54]} Rb5+ {[%clk 0:11:20]} 51. Ka4
{[%clk 0:08:09]} Rxb2 {[%clk 0:09:52]} 52. Rxe4 {[%clk 0:08:29]} Rb1
{[%clk 0:04:47]} 53. Re2 {[%clk 0:06:16]} Rh1 {[%clk 0:01:43]} 54. Bd4
{[%clk 0:05:00]} h4 {[%clk 0:01:20]} 55. f5 {[%clk 0:03:55]} h3 {[%clk 0:01:40]}
56. f6+ {[%clk 0:03:29]} Kf7 {[%clk 0:01:40]} 57. Be5 {[%clk 0:03:32]} Rb1
{[%clk 0:01:39]} 58. Rd2 {[%clk 0:02:31]} Rf1 {[%clk 0:01:14]} 59. Rd7+
{[%clk 0:02:23]} Ke8 {[%clk 0:01:27]} 60. Rh7 {[%clk 0:02:39]} Rf5
{[%clk 0:01:21]} 61. Bd4 {[%clk 0:02:22]} e5 {[%clk 0:01:00]} 62. Re7+
{[%clk 0:01:30]} Kf8 {[%clk 0:00:58]} 63. Rxe5 {[%clk 0:01:48]} Rxf6
{[%clk 0:00:59]} 64. Rh5 {[%clk 0:01:25]} Rf3 {[%clk 0:00:51]} 65. Kb3
{[%clk 0:01:37]} b5 {[%clk 0:00:40]} 66. Rxb5 {[%clk 0:01:53]} Kf7
{[%clk 0:00:43]} 67. Rxa5 {[%clk 0:01:57]} Kg6 {[%clk 0:00:56]} 68. Ra2
{[%clk 0:01:14]} Kf5 {[%clk 0:00:44]} 69. Kc4 {[%clk 0:01:08]} Kg4
{[%clk 0:00:50]} 70. Kd5 {[%clk 0:01:17]} Rf5+ {[%clk 0:00:50]} 71. Be5
{[%clk 0:01:36]} Rh5 {[%clk 0:00:39]} 72. c4 {[%clk 0:01:46]} Kf3
{[%clk 0:00:37]} 73. c5 {[%clk 0:02:06]} Rg5 {[%clk 0:00:47]} 74. Rh2
{[%clk 0:01:58]} Rh5 {[%clk 0:00:47]} 75. c6 {[%clk 0:02:08]} 1-0

[Event "World Chess Olympiad 2018"]
[Site "Batumi"]
[Date "2018.09.30"]
[Round "6"]
[Board "1"]
[WhiteFideId "7000812"]
[White "Kojima Shinya"]
[BlackFideId "8200084"]
[Black "Matoewi Roger"]
[Result "1-0"]
[LiveChessVersion "1.4.8"]
[BlackElo "2067"]
[WhiteElo "2408"]

1. Nf3 {[%clk 1:30:56]} g6 {[%clk 1:30:26]} 2. d4 {[%clk 1:30:59]} Bg7
{[%clk 1:30:45]} 3. c4 {[%clk 1:30:54]} Nf6 {[%clk 1:29:02]} 4. g3
{[%clk 1:31:19]} O-O {[%clk 1:28:11]} 5. Bg2 {[%clk 1:31:47]} d6 {[%clk 1:28:33]}
6. O-O {[%clk 1:32:12]} Nc6 {[%clk 1:28:51]} 7. Nc3 {[%clk 1:32:36]} a5
{[%clk 1:25:15]} 8. h3 {[%clk 1:28:18]} h6 {[%clk 1:23:15]} 9. e4
{[%clk 1:26:09]} e5 {[%clk 1:22:22]} 10. Be3 {[%clk 1:23:42]} Kh7
{[%clk 1:20:14]} 11. Qd2 {[%clk 1:19:24]} a4 {[%clk 1:08:56]} 12. Rfd1
{[%clk 1:13:48]} Nd7 {[%clk 0:52:42]} 13. Rac1 {[%clk 1:12:09]} exd4
{[%clk 0:47:18]} 14. Nxd4 {[%clk 1:12:30]} Nde5 {[%clk 0:47:08]} 15. Qe2
{[%clk 1:06:24]} Nxd4 {[%clk 0:43:47]} 16. Bxd4 {[%clk 1:06:44]} Be6
{[%clk 0:43:11]} 17. c5 {[%clk 1:00:21]} Qb8 {[%clk 0:30:46]} 18. f4
{[%clk 0:57:46]} Nc6 {[%clk 0:30:13]} 19. Bxg7 {[%clk 0:58:06]} Kxg7
{[%clk 0:30:37]} 20. cxd6 {[%clk 0:57:06]} cxd6 {[%clk 0:30:48]} 21. Kh2
{[%clk 0:56:32]} Ra5 {[%clk 0:29:39]} 22. Qd2 {[%clk 0:53:12]} Ra6
{[%clk 0:23:38]} 23. Qxd6 {[%clk 0:49:59]} Qxd6 {[%clk 0:23:55]} 24. Rxd6
{[%clk 0:50:23]} a3 {[%clk 0:24:02]} 25. b3 {[%clk 0:47:42]} Nb4 {[%clk 0:23:49]}
26. Rd4 {[%clk 0:43:27]} Rb6 {[%clk 0:23:30]} 27. g4 {[%clk 0:27:34]} Ra8
{[%clk 0:02:18]} 28. f5 {[%clk 0:25:13]} Nxa2 {[%clk 0:02:36]} 29. Nxa2
{[%clk 0:25:16]} Bxb3 {[%clk 0:03:01]} 30. Rd2 {[%clk 0:23:21]} Bxa2
{[%clk 0:02:21]} 31. Rxa2 {[%clk 0:23:45]} Rb3 {[%clk 0:02:36]} 32. e5
{[%clk 0:22:15]} Ra5 {[%clk 0:00:40]} 33. f6+ {[%clk 0:22:10]} Kh7
{[%clk 0:00:57]} 34. Rc7 {[%clk 0:22:17]} Rxe5 {[%clk 0:01:03]} 35. Rxf7+
{[%clk 0:22:33]} Kh8 {[%clk 0:01:20]} 36. Rc2 {[%clk 0:22:37]} Re8
{[%clk 0:01:34]} 37. Rcc7 {[%clk 0:22:49]} 1-0

[Event "World Chess Olympiad 2018"]
[Site "Batumi"]
[Date "2018.09.30"]
[Round "6"]
[Board "2"]
[WhiteFideId "8200165"]
[White "Giasi Viresh"]
[BlackFideId "7000634"]
[Black "Nanjo Ryosuke"]
[Result "0-1"]
[LiveChessVersion "1.4.8"]
[BlackElo "2324"]
[WhiteElo "2024"]

1. e4 {[%clk 1:30:57]} c5 {[%clk 1:30:53]} 2. Nf3 {[%clk 1:31:22]} d6
{[%clk 1:31:19]} 3. d4 {[%clk 1:31:48]} cxd4 {[%clk 1:31:45]} 4. Nxd4
{[%clk 1:32:16]} Nf6 {[%clk 1:32:09]} 5. Nc3 {[%clk 1:32:44]} a6 {[%clk 1:32:33]}
6. h3 {[%clk 1:33:09]} e5 {[%clk 1:32:54]} 7. Nb3 {[%clk 1:33:35]} Be7
{[%clk 1:24:35]} 8. Be3 {[%clk 1:30:12]} Be6 {[%clk 1:24:22]} 9. g4
{[%clk 1:29:14]} h6 {[%clk 1:21:25]} 10. Bg2 {[%clk 1:27:56]} Nbd7
{[%clk 1:19:30]} 11. Nd5 {[%clk 1:16:46]} Rc8 {[%clk 1:05:30]} 12. Nxe7
{[%clk 1:12:28]} Qxe7 {[%clk 1:05:55]} 13. O-O {[%clk 1:12:06]} O-O
{[%clk 1:05:45]} 14. g5 {[%clk 1:08:08]} hxg5 {[%clk 1:04:44]} 15. Bxg5
{[%clk 1:08:18]} Bc4 {[%clk 0:56:10]} 16. Re1 {[%clk 1:08:39]} Bxb3
{[%clk 0:52:09]} 17. axb3 {[%clk 1:08:48]} Nc5 {[%clk 0:50:11]} 18. Re3
{[%clk 0:57:59]} Ne6 {[%clk 0:50:10]} 19. Bh4 {[%clk 0:57:26]} Nf4
{[%clk 0:49:06]} 20. Bf1 {[%clk 0:55:36]} Qe6 {[%clk 0:34:50]} 21. Bxf6
{[%clk 0:54:03]} Qxf6 {[%clk 0:35:12]} 22. c3 {[%clk 0:52:25]} Rfd8
{[%clk 0:32:40]} 23. Qg4 {[%clk 0:44:57]} d5 {[%clk 0:31:01]} 24. exd5
{[%clk 0:38:39]} Nxd5 {[%clk 0:31:18]} 25. Rg3 {[%clk 0:37:51]} Nf4
{[%clk 0:30:47]} 26. Rd1 {[%clk 0:36:12]} Rxd1 {[%clk 0:26:32]} 27. Qxd1
{[%clk 0:36:39]} Rd8 {[%clk 0:26:50]} 28. Qe1 {[%clk 0:36:13]} Qf5
{[%clk 0:19:39]} 29. c4 {[%clk 0:30:53]} Qh5 {[%clk 0:17:19]} 30. f3
{[%clk 0:28:48]} Rd4 {[%clk 0:15:32]} 31. Kh2 {[%clk 0:28:21]} Qf5
{[%clk 0:15:39]} 32. Bg2 {[%clk 0:27:13]} Nd3 {[%clk 0:11:33]} 33. Qa1
{[%clk 0:15:54]} Qf4 {[%clk 0:11:29]} 34. Qa4 {[%clk 0:16:20]} Rd6
{[%clk 0:10:16]} 35. c5 {[%clk 0:16:07]} Nxc5 {[%clk 0:07:36]} 36. Qxf4
{[%clk 0:16:35]} exf4 {[%clk 0:07:59]} 37. Rg4 {[%clk 0:16:53]} Rd4
{[%clk 0:07:30]} 38. h4 {[%clk 0:16:40]} Nxb3 {[%clk 0:07:07]} 39. h5
{[%clk 0:17:08]} Nc5 {[%clk 0:04:26]} 40. Bh3 {[%clk 0:47:12]} Rd2+
{[%clk 0:34:23]} 41. Rg2 {[%clk 0:46:56]} Rxg2+ {[%clk 0:32:24]} 42. Kxg2
{[%clk 0:47:23]} g6 {[%clk 0:26:23]} 43. hxg6 {[%clk 0:44:51]} fxg6
{[%clk 0:26:49]} 44. Kf1 {[%clk 0:45:14]} a5 {[%clk 0:26:33]} 45. Ke2
{[%clk 0:45:42]} b5 {[%clk 0:26:50]} 46. Kd2 {[%clk 0:46:01]} b4 {[%clk 0:27:18]}
47. Bf1 {[%clk 0:46:20]} Kg7 {[%clk 0:27:41]} 48. Bc4 {[%clk 0:46:20]} Kf6
{[%clk 0:28:05]} 49. Bg8 {[%clk 0:46:20]} Ke5 {[%clk 0:28:25]} 50. Bf7
{[%clk 0:46:44]} g5 {[%clk 0:28:51]} 51. Bg8 {[%clk 0:46:47]} Kd4
{[%clk 0:29:10]} 52. Bh7 {[%clk 0:47:07]} a4 {[%clk 0:27:48]} 53. Bc2
{[%clk 0:46:53]} a3 {[%clk 0:28:02]} 54. bxa3 {[%clk 0:47:16]} bxa3
{[%clk 0:28:28]} 55. Bb1 {[%clk 0:47:37]} Na4 {[%clk 0:28:26]} 56. Kc1
{[%clk 0:47:02]} Kc3 {[%clk 0:27:27]} 57. Ba2 {[%clk 0:47:18]} Nc5
{[%clk 0:27:49]} 58. Bf7 {[%clk 0:47:35]} Nb3+ {[%clk 0:27:40]} 0-1

[Event "World Chess Olympiad 2018"]
[Site "Batumi"]
[Date "2018.09.30"]
[Round "6"]
[Board "3"]
[WhiteFideId "7000936"]
[White "Yamada Kohei"]
[BlackFideId "8200211"]
[Black "Sanches Casanova Romario"]
[Result "1-0"]
[LiveChessVersion "1.4.8"]
[BlackElo "2029"]
[WhiteElo "2128"]

1. e4 {[%clk 1:30:55]} c5 {[%clk 1:29:20]} 2. Nf3 {[%clk 1:31:18]} d6
{[%clk 1:29:48]} 3. d4 {[%clk 1:31:39]} cxd4 {[%clk 1:30:16]} 4. Nxd4
{[%clk 1:32:00]} Nf6 {[%clk 1:30:41]} 5. Nc3 {[%clk 1:32:22]} a6 {[%clk 1:31:10]}
6. Bg5 {[%clk 1:32:12]} e6 {[%clk 1:31:08]} 7. f4 {[%clk 1:32:29]} Be7
{[%clk 1:31:32]} 8. Qf3 {[%clk 1:32:49]} Nbd7 {[%clk 1:30:27]} 9. O-O-O
{[%clk 1:32:40]} h6 {[%clk 1:30:08]} 10. Bh4 {[%clk 1:32:18]} Qc7
{[%clk 1:28:50]} 11. Be2 {[%clk 1:29:57]} b5 {[%clk 1:23:51]} 12. Bxf6
{[%clk 1:26:14]} gxf6 {[%clk 1:22:39]} 13. Qh5 {[%clk 1:09:14]} Nc5
{[%clk 1:15:17]} 14. a3 {[%clk 1:06:04]} Bb7 {[%clk 1:05:11]} 15. f5
{[%clk 0:50:50]} O-O-O {[%clk 0:54:40]} 16. Qxf7 {[%clk 0:47:35]} Rdf8
{[%clk 0:44:35]} 17. Qh5 {[%clk 0:47:27]} e5 {[%clk 0:44:43]} 18. Ne6
{[%clk 0:45:47]} Nxe6 {[%clk 0:44:13]} 19. fxe6 {[%clk 0:46:11]} Kb8
{[%clk 0:41:04]} 20. Rd3 {[%clk 0:29:42]} Rc8 {[%clk 0:40:22]} 21. Bd1
{[%clk 0:29:24]} Qc4 {[%clk 0:37:09]} 22. Re1 {[%clk 0:26:35]} a5
{[%clk 0:31:07]} 23. Kb1 {[%clk 0:24:09]} b4 {[%clk 0:17:27]} 24. Nd5
{[%clk 0:19:38]} Bxd5 {[%clk 0:15:51]} 25. exd5 {[%clk 0:20:06]} Rc7
{[%clk 0:15:15]} 26. Qf3 {[%clk 0:18:27]} Rhc8 {[%clk 0:12:05]} 27. Re4
{[%clk 0:17:09]} Qb5 {[%clk 0:07:12]} 28. axb4 {[%clk 0:15:37]} a4
{[%clk 0:07:40]} 29. g4 {[%clk 0:13:14]} Rc4 {[%clk 0:06:53]} 30. c3
{[%clk 0:03:13]} Rxe4 {[%clk 0:04:18]} 31. Qxe4 {[%clk 0:03:41]} Rc4
{[%clk 0:03:55]} 32. Qh7 {[%clk 0:02:07]} Rc7 {[%clk 0:02:24]} 33. Qe4
{[%clk 0:02:04]} Rc4 {[%clk 0:02:48]} 34. Qe2 {[%clk 0:01:26]} Rf4
{[%clk 0:02:41]} 35. Rd2 {[%clk 0:01:28]} Qxe2 {[%clk 0:01:26]} 36. Bxe2
{[%clk 0:00:43]} Rf2 {[%clk 0:01:01]} 37. Kc2 {[%clk 0:00:59]} Rxh2
{[%clk 0:00:38]} 38. Bd3 {[%clk 0:00:49]} Rh1 {[%clk 0:00:38]} 39. Bf5
{[%clk 0:00:58]} h5 {[%clk 0:00:41]} 40. gxh5 {[%clk 0:30:36]} Rxh5
{[%clk 0:31:08]} 41. Bg6 {[%clk 0:25:48]} Rg5 {[%clk 0:30:02]} 42. Be8
{[%clk 0:24:35]} f5 {[%clk 0:30:29]} 43. Rh2 {[%clk 0:22:50]} f4 {[%clk 0:30:28]}
44. Rh7 {[%clk 0:15:59]} Rg2+ {[%clk 0:26:38]} 45. Kb1 {[%clk 0:15:26]} Bg5
{[%clk 0:16:01]} 46. Bb5 {[%clk 0:14:52]} f3 {[%clk 0:12:12]} 47. e7
{[%clk 0:14:09]} Bxe7 {[%clk 0:12:04]} 48. Rxe7 {[%clk 0:14:33]} f2
{[%clk 0:12:04]} 49. Ka2 {[%clk 0:13:33]} Rg1 {[%clk 0:08:48]} 50. Rf7
{[%clk 0:11:38]} Rg2 {[%clk 0:09:16]} 51. Bd3 {[%clk 0:09:44]} Rg3
{[%clk 0:07:47]} 52. Ba6 {[%clk 0:10:02]} Rg2 {[%clk 0:06:27]} 53. b5
{[%clk 0:08:39]} f1=Q {[%clk 0:04:46]} 54. Rxf1 {[%clk 0:08:51]} Kc7
{[%clk 0:04:54]} 55. Rf7+ {[%clk 0:04:58]} Kb6 {[%clk 0:05:23]} 56. Rf6
{[%clk 0:04:44]} e4 {[%clk 0:02:28]} 57. Rxd6+ {[%clk 0:04:52]} Ka5
{[%clk 0:02:48]} 58. Re6 {[%clk 0:04:27]} Rd2 {[%clk 0:01:31]} 59. Rxe4
{[%clk 0:04:33]} Rxd5 {[%clk 0:01:42]} 60. Ka3 {[%clk 0:04:38]} Rd1
{[%clk 0:01:05]} 61. Rxa4+ {[%clk 0:04:49]} Kb6 {[%clk 0:01:17]} 62. Rh4
{[%clk 0:04:55]} Rd6 {[%clk 0:01:15]} 63. Kb4 {[%clk 0:05:07]} Rg6
{[%clk 0:01:22]} 64. c4 {[%clk 0:05:27]} Rg7 {[%clk 0:01:02]} 65. c5+
{[%clk 0:05:34]} Ka7 {[%clk 0:01:13]} 66. Ka5 {[%clk 0:05:55]} Rg8
{[%clk 0:00:59]} 67. Rh7+ {[%clk 0:06:00]} Kb8 {[%clk 0:01:10]} 68. Kb6
{[%clk 0:05:50]} Rg6+ {[%clk 0:01:09]} 69. c6 {[%clk 0:06:08]} Rg8
{[%clk 0:01:22]} 70. c7+ 1-0

[Event "World Chess Olympiad 2018"]
[Site "Batumi"]
[Date "2018.09.30"]
[Round "6"]
[Board "4"]
[WhiteFideId "8200173"]
[White "Hanoeman Suradj"]
[BlackFideId "7000197"]
[Black "Matsuo Tomohiko"]
[Result "0-1"]
[LiveChessVersion "1.4.8"]
[BlackElo "2170"]
[WhiteElo "1996"]

1. d4 {[%clk 1:29:09]} Nf6 {[%clk 1:30:52]} 2. Nf3 {[%clk 1:29:03]} c5
{[%clk 1:31:12]} 3. d5 {[%clk 1:28:43]} b5 {[%clk 1:31:27]} 4. e4
{[%clk 1:24:09]} Nxe4 {[%clk 1:26:25]} 5. Bd3 {[%clk 1:23:22]} Qa5+
{[%clk 1:21:31]} 6. Nc3 {[%clk 1:19:30]} Nxc3 {[%clk 1:17:24]} 7. bxc3
{[%clk 1:19:42]} Bb7 {[%clk 1:07:12]} 8. Bd2 {[%clk 1:15:26]} c4 {[%clk 1:02:35]}
9. Be4 {[%clk 1:15:22]} g6 {[%clk 1:02:26]} 10. Ng5 {[%clk 1:04:17]} h6
{[%clk 0:58:38]} 11. Nxf7 {[%clk 0:54:33]} Kxf7 {[%clk 0:56:45]} 12. Qf3+
{[%clk 0:54:19]} Ke8 {[%clk 0:48:04]} 13. Bxg6+ {[%clk 0:53:17]} Kd8
{[%clk 0:48:32]} 14. Qf7 {[%clk 0:51:48]} Kc8 {[%clk 0:42:52]} 15. O-O
{[%clk 0:50:18]} d6 {[%clk 0:21:27]} 16. Bf5+ {[%clk 0:49:18]} Nd7
{[%clk 0:15:51]} 17. Qe8+ {[%clk 0:49:28]} Qd8 {[%clk 0:16:14]} 18. Bxd7+
{[%clk 0:48:54]} Kc7 {[%clk 0:16:40]} 19. Qxd8+ {[%clk 0:49:07]} Rxd8
{[%clk 0:16:53]} 20. Be6 {[%clk 0:49:04]} Bg7 {[%clk 0:16:04]} 21. Rfb1
{[%clk 0:48:21]} a6 {[%clk 0:14:58]} 22. g4 {[%clk 0:44:51]} Bc8 {[%clk 0:13:17]}
23. Re1 {[%clk 0:44:52]} Bf6 {[%clk 0:12:24]} 24. f4 {[%clk 0:44:30]} b4
{[%clk 0:11:16]} 25. cxb4 {[%clk 0:41:53]} Bxa1 {[%clk 0:10:41]} 26. Rxa1
{[%clk 0:42:20]} Bxe6 {[%clk 0:10:52]} 27. dxe6 {[%clk 0:42:39]} h5
{[%clk 0:07:09]} 28. g5 {[%clk 0:40:19]} Rhf8 {[%clk 0:07:22]} 29. b5
{[%clk 0:40:04]} Kb6 {[%clk 0:06:10]} 30. Be3+ {[%clk 0:39:20]} Kxb5
{[%clk 0:05:57]} 31. Rb1+ {[%clk 0:39:43]} Kc6 {[%clk 0:06:01]} 32. Rb6+
{[%clk 0:38:49]} Kd5 {[%clk 0:06:23]} 33. Rxa6 {[%clk 0:39:13]} Kxe6
{[%clk 0:06:18]} 34. Kf2 {[%clk 0:35:39]} Ra8 {[%clk 0:05:03]} 35. Rc6
{[%clk 0:36:02]} Kd5 {[%clk 0:04:57]} 36. Rc7 {[%clk 0:35:38]} e5
{[%clk 0:04:59]} 37. Rb7 {[%clk 0:27:12]} exf4 {[%clk 0:04:39]} 0-1

[Event "World Chess Olympiad 2018"]
[Site "Batumi"]
[Date "2018.09.30"]
[Round "6"]
[Board "1"]
[WhiteFideId "6700098"]
[White "Chavez Ricardo Ernesto"]
[BlackFideId "405817"]
[Black "Greet Andrew N"]
[Result "1-0"]
[LiveChessVersion "1.4.8"]
[BlackElo "2441"]
[WhiteElo "2244"]

1. e4 {[%clk 1:30:57]} e5 {[%clk 1:30:51]} 2. Nf3 {[%clk 1:31:16]} Nc6
{[%clk 1:31:15]} 3. Bb5 {[%clk 1:31:40]} a6 {[%clk 1:31:40]} 4. Ba4
{[%clk 1:32:07]} Nf6 {[%clk 1:32:04]} 5. Qe2 {[%clk 1:31:59]} b5 {[%clk 1:31:38]}
6. Bb3 {[%clk 1:32:23]} Bc5 {[%clk 1:31:42]} 7. c3 {[%clk 1:32:39]} O-O
{[%clk 1:30:40]} 8. d3 {[%clk 1:32:57]} h6 {[%clk 1:27:32]} 9. O-O
{[%clk 1:33:14]} Re8 {[%clk 1:26:56]} 10. Nbd2 {[%clk 1:31:07]} d5
{[%clk 1:20:26]} 11. h3 {[%clk 1:22:19]} d4 {[%clk 1:12:00]} 12. Rd1
{[%clk 1:17:47]} Nh5 {[%clk 0:50:33]} 13. Nf1 {[%clk 1:09:48]} Nf4
{[%clk 0:50:36]} 14. Bxf4 {[%clk 0:58:01]} exf4 {[%clk 0:51:00]} 15. Qd2
{[%clk 0:57:17]} Qf6 {[%clk 0:44:33]} 16. Bd5 {[%clk 0:56:54]} dxc3
{[%clk 0:43:19]} 17. bxc3 {[%clk 0:53:20]} g5 {[%clk 0:30:35]} 18. d4
{[%clk 0:47:01]} Bf8 {[%clk 0:23:12]} 19. Ne5 {[%clk 0:44:38]} Nxe5
{[%clk 0:20:06]} 20. dxe5 {[%clk 0:44:51]} Qb6 {[%clk 0:20:00]} 21. Bxa8
{[%clk 0:44:32]} c6 {[%clk 0:20:23]} 22. a4 {[%clk 0:42:54]} b4 {[%clk 0:16:41]}
23. cxb4 {[%clk 0:37:11]} Be6 {[%clk 0:16:53]} 24. Bxc6 {[%clk 0:29:41]} Qxc6
{[%clk 0:17:14]} 25. Qd4 {[%clk 0:29:44]} Rb8 {[%clk 0:13:50]} 26. Rdc1
{[%clk 0:25:11]} Qe8 {[%clk 0:14:10]} 27. Rcb1 {[%clk 0:23:36]} Bg7
{[%clk 0:11:31]} 28. Qd6 {[%clk 0:19:24]} Bc4 {[%clk 0:10:34]} 29. Ra3
{[%clk 0:18:28]} Rd8 {[%clk 0:10:27]} 30. Qc5 {[%clk 0:17:17]} Rc8
{[%clk 0:10:49]} 31. Qb6 {[%clk 0:15:47]} Qxe5 {[%clk 0:08:44]} 32. Nd2
{[%clk 0:09:47]} Be2 {[%clk 0:07:48]} 33. b5 {[%clk 0:07:45]} axb5
{[%clk 0:06:24]} 34. axb5 {[%clk 0:08:04]} Bf8 {[%clk 0:06:32]} 35. Rab3
{[%clk 0:08:00]} Rc2 {[%clk 0:05:45]} 36. Qd8 {[%clk 0:08:17]} Kg7
{[%clk 0:02:59]} 37. b6 {[%clk 0:07:04]} Bd6 {[%clk 0:00:54]} 38. Nf3
{[%clk 0:06:24]} Bxf3 {[%clk 0:00:44]} 39. Rxf3 {[%clk 0:06:26]} h5
{[%clk 0:00:43]} 40. Rd3 {[%clk 0:36:28]} Bc5 {[%clk 0:30:47]} 41. b7
{[%clk 0:15:13]} Bxf2+ {[%clk 0:23:27]} 42. Kh1 {[%clk 0:15:14]} Ba7
{[%clk 0:23:32]} 43. Qd5 {[%clk 0:12:59]} Qc7 {[%clk 0:19:48]} 44. Qxg5+
{[%clk 0:13:11]} Kh7 {[%clk 0:20:14]} 45. Qxh5+ {[%clk 0:13:34]} Kg7
{[%clk 0:20:39]} 46. Rd5 {[%clk 0:09:19]} Rc1+ {[%clk 0:20:22]} 47. Rxc1
{[%clk 0:09:43]} Qxc1+ {[%clk 0:20:49]} 48. Qd1 {[%clk 0:10:07]} Qe3
{[%clk 0:20:41]} 49. Qg4+ {[%clk 0:10:04]} Kf8 {[%clk 0:20:24]} 50. Rd8+
{[%clk 0:09:56]} Ke7 {[%clk 0:20:48]} 51. Qd7+ {[%clk 0:10:16]} Kf6
{[%clk 0:21:11]} 52. Qf5+ {[%clk 0:10:23]} Kg7 {[%clk 0:21:27]} 53. Qg5+ Kh7
{[%clk 0:21:48]} 54. Qh5+ {[%clk 0:11:04]} 1-0

[Event "World Chess Olympiad 2018"]
[Site "Batumi"]
[Date "2018.09.30"]
[Round "6"]
[Board "2"]
[WhiteFideId "2401878"]
[White "Tate Alan"]
[BlackFideId "6700640"]
[Black "Arias Daniel"]
[Result "0-1"]
[LiveChessVersion "1.4.8"]
[BlackElo "2274"]
[WhiteElo "2345"]

1. Nf3 {[%clk 1:30:57]} Nf6 {[%clk 1:29:47]} 2. g3 {[%clk 1:31:23]} b6
{[%clk 1:27:41]} 3. Bg2 {[%clk 1:31:34]} Bb7 {[%clk 1:28:06]} 4. O-O
{[%clk 1:31:39]} c5 {[%clk 1:25:29]} 5. d3 {[%clk 1:29:48]} e6 {[%clk 1:23:52]}
6. e4 {[%clk 1:29:49]} d5 {[%clk 1:24:12]} 7. e5 {[%clk 1:29:44]} Nfd7
{[%clk 1:24:32]} 8. c4 {[%clk 1:16:24]} Be7 {[%clk 1:12:44]} 9. Re1
{[%clk 1:13:13]} d4 {[%clk 0:59:45]} 10. h4 {[%clk 1:05:17]} Nc6 {[%clk 0:54:18]}
11. Ng5 {[%clk 1:00:44]} h6 {[%clk 0:36:48]} 12. Nh3 {[%clk 0:38:30]} Qc7
{[%clk 0:24:17]} 13. f4 {[%clk 0:32:25]} O-O-O {[%clk 0:17:50]} 14. h5
{[%clk 0:25:54]} Rdg8 {[%clk 0:16:13]} 15. Nd2 {[%clk 0:25:42]} g6
{[%clk 0:15:18]} 16. Ne4 {[%clk 0:24:35]} gxh5 {[%clk 0:11:15]} 17. Nhf2
{[%clk 0:19:27]} h4 {[%clk 0:06:12]} 18. g4 {[%clk 0:19:55]} Rg7 {[%clk 0:06:01]}
19. Qf3 {[%clk 0:12:51]} Rhg8 {[%clk 0:05:50]} 20. Qh3 {[%clk 0:11:57]} Nb4
{[%clk 0:04:09]} 21. Re2 {[%clk 0:11:03]} Kb8 {[%clk 0:03:47]} 22. Bd2
{[%clk 0:09:50]} Nc2 {[%clk 0:03:36]} 23. Rf1 {[%clk 0:08:41]} Ne3
{[%clk 0:03:52]} 24. Bxe3 {[%clk 0:08:58]} dxe3 {[%clk 0:04:21]} 25. Rxe3
{[%clk 0:09:11]} f5 {[%clk 0:04:48]} 26. exf6 {[%clk 0:08:43]} Nxf6
{[%clk 0:05:12]} 27. Nxf6 {[%clk 0:06:21]} Bxf6 {[%clk 0:05:39]} 28. Bxb7
{[%clk 0:05:57]} Qxb7 {[%clk 0:03:42]} 29. Rxe6 {[%clk 0:05:00]} Bd4
{[%clk 0:03:28]} 30. Kh2 {[%clk 0:04:53]} Qf7 {[%clk 0:03:04]} 31. Re4
{[%clk 0:04:16]} h5 {[%clk 0:02:33]} 32. g5 {[%clk 0:02:37]} Bxf2
{[%clk 0:02:23]} 33. Rxf2 {[%clk 0:03:02]} Rxg5 {[%clk 0:02:50]} 34. Qxh4
{[%clk 0:02:30]} Rg4 {[%clk 0:03:07]} 35. Qh3 {[%clk 0:02:23]} Qf6
{[%clk 0:03:32]} 36. f5 {[%clk 0:02:32]} Qd6+ {[%clk 0:03:52]} 0-1